|
|
|
|
| LEADER |
01135cam a2200349 7i4500 |
| 001 |
0000071604 |
| 005 |
20240621090000.0 |
| 008 |
240621t2018 my a e # 0 may#d |
| 020 |
# |
# |
|a 9789674811235
|
| 040 |
# |
# |
|a BK
|
| 041 |
# |
# |
|a may
|
| 082 |
0 |
# |
|a 031.02
|
| 090 |
0 |
4 |
|a 031.02
|b ADR
|
| 100 |
0 |
# |
|a Adrie Noor Al-Fatia
|e author
|
| 245 |
1 |
0 |
|a 25 MISTERI MENGGEMPARKAN DUNIA /
|c ADRIE NOOR AL-FATIA, ARNIE SANIB, MUTIA ALTHAF ; Editor dan Penterjemah: Nor Hayati Mat Nor.
|
| 246 |
3 |
3 |
|a Dua puluh lima misteri menggemparkan dunia
|
| 264 |
# |
4 |
|c ♭2018
|
| 264 |
# |
1 |
|a Batu Caves, Selangor
|b PTS Publishing House Sdn. Bhd.
|c 2018
|
| 300 |
# |
# |
|a x, 189 pages:
|b colour illustrations, colour photographs;
|c 23 cm.
|
| 336 |
# |
# |
|a text
|2 rdacontent
|
| 337 |
# |
# |
|a unmediated
|2 rdamedia
|
| 338 |
# |
# |
|a volume
|2 rdacarrier
|
| 504 |
# |
# |
|a Bibliography: pages [175]-186
|
| 599 |
# |
# |
|a LULUS
|
| 650 |
2 |
0 |
|a Mysticism
|
| 650 |
1 |
0 |
|a Curiosities and wonders
|
| 700 |
0 |
# |
|a Mutia Althaf
|
| 700 |
0 |
# |
|a Arnie Sanib
|
| 700 |
0 |
# |
|a Nor Hayati Mat Nor,
|
| 997 |
# |
# |
|a BK
|
| 998 |
# |
# |
|a 1000072770
|
| 999 |
|
|
|a 1000072770
|b BOOK
|c Main Non-Fiction
|e INTAN Bukit Kiara
|